000 00441nam a2200205Ia 4500
001 12740
003 GE_BSU
008 181216s||||||||xx |||||||||||||| ||und||
020 _a9781444704891
040 _cGE_BSU
080 _a821.111-312.4
100 _aRobinson, Peter
245 _aWatching the Dark
260 _aLondon
260 _bHodder
260 _c2013
300 _a430p.20cm.
653 _aWatching the Dark
942 _cBK
999 _c45911
_d45911